000 00747nam a2200253Ia 4500
003 OSt
005 20220928125024.0
006 a|||||r|||| 00| 0
007 ta
008 220927b |||||||| |||| 00| 0 eng d
024 _a126997
037 _bGift, 17/09/2015,
_cTextual
040 _aSDCL
_cSDCL
_beng
041 _2eng
_aeng
082 _aB28931, Q4
100 _aButenko Sergiy
_9467619
245 0 _aNumerical methos and optimization
_b An introduction
260 _aBaca
_bRaton CRC Press
_c2014
300 _axvi;397p.
_ccm.
650 _aGift
_9391569
700 _a Pardalos Panos M.
_9450303
942 _hB28931, Q4
_cTEXL
_2CC
999 _c780492
_d780492